Statistics for Geologic Time Scale

Click here to take the quiz!

General Stats

  • This quiz has been taken 185 times
  • The average score is 20 of 36

Answer Stats

Eon% Correct
Jurassic
96%
Cambrian
93%
Triassic
93%
Cretaceous
91%
Mesozoic
88%
Paleozoic
88%
Devonian
86%
Silurian
82%
Cenozoic
81%
Permian
81%
Quaternary
80%
Ordovician
78%
Hadean
77%
Archean
74%
Carboniferous
74%
Phanerozoic
73%
Proterozoic
66%
Paleogene
65%
Neogene
62%
Neoproterozoic
38%
Mesoproterozoic
36%
Paleoproterozoic
36%
Mesoarchean
30%
Neoarchean
30%
Paleoarchean
30%
Eoarchean
28%
Ediacaran
26%
Tonian
22%
Cryogenian
20%
Orosirian
20%
Siderian
20%
Rhyacian
19%
Stenian
19%
Calymmian
18%
Ectasian
18%
Statherian
18%

Score Distribution

Percentile by Number Answered

Percent of People with Each Score

Your Score History

You have not taken this quiz